[Event "TUR-chT2"]
[Site "Konya"]
[Date "2017.07.15"]
[Round "9.16"]
[White "Aydinalp, Suheyl"]
[Black "Aytekin, Furkan Emre"]
[Result "1-0"]
[WhiteElo "1779"]
[BlackElo "1692"]
[PlyCount "69"]
[EventDate "2017.07.09"]
[EventType "team-swiss"]
[EventRounds "9"]
[EventCountry "TUR"]
[SourceTitle "CBM 179 Extra"]
[Source "ChessBase"]
[SourceDate "2017.08.23"]
[SourceVersion "1"]
[SourceVersionDate "2017.08.23"]
[SourceQuality "1"]
[WhiteTeam "Cesme Yelken"]
[BlackTeam "Canakkale 1915"]
[WhiteTeamCountry "TUR"]
[BlackTeamCountry "TUR"]

1. e4 e5 2. Nf3 Nc6 3. Bb5 a6 4. Ba4 d6 5. a3 Bd7 6. 0-0 g6 7. d4 Bg7 8. Re1 Nge7 9. Be3 0-0 10. Nbd2 h6 11. Nf1 f5 12. dxe5 dxe5 13. exf5 gxf5 14. Qd2 Kh7 15. Rad1 Be6 16. Bc5 b5 17. Bb3 Bxb3 18. cxb3 e4 19. Qf4 Qc8 20. Nd4 Nxd4 21. Bxd4 Ng6 22. Qd2 Rd8 23. Qe3 Ne5 24. Ng3 Nd3 25. Rxd3 exd3 26. Bxg7 Kxg7 27. Qe7+ Kg8 28. Re6 Rd6 29. Nh5 Qf8 30. Nf6+ Qxf6 31. Qxf6 d2 32. Qg6+ Kf8 33. Qxh6+ Kf7 34. Qg6+ Kf8 35. Qh6+ 1-0

[Event "TUR-chT2"]
[Site "Konya"]
[Date "2017.07.12"]
[Round "6.16"]
[White "Aytekin, Furkan Emre"]
[Black "Turan, Fatih"]
[Result "1-0"]
[WhiteElo "1692"]
[BlackElo "1183"]
[PlyCount "81"]
[EventDate "2017.07.09"]
[EventType "team-swiss"]
[EventRounds "9"]
[EventCountry "TUR"]
[SourceTitle "CBM 179 Extra"]
[Source "ChessBase"]
[SourceDate "2017.08.23"]
[SourceVersion "1"]
[SourceVersionDate "2017.08.23"]
[SourceQuality "1"]
[WhiteTeam "Canakkale 1915"]
[BlackTeam "Ataturk Univ"]
[WhiteTeamCountry "TUR"]
[BlackTeamCountry "TUR"]

1. d4 Nf6 2. Bg5 d5 3. e3 e6 4. Nf3 Be7 5. c4 0-0 6. Nc3 c6 7. cxd5 exd5 8. Qc2 Nbd7 9. Bd3 Re8 10. 0-0 h6 11. Bh4 Nf8 12. Rab1 a5 13. a3 Ne6 14. b4 axb4 15. axb4 Nh5 16. Bxe7 Qxe7 17. b5 Ng5 18. Nxg5 Qxg5 19. Rfc1 Be6 20. bxc6 bxc6 21. Rb3 c5 22. dxc5 Bh3 23. Bf1 Bf5 24. Qd2 d4 25. Qxd4 Nf6 26. Be2 Be4 27. Nxe4 Rxe4 28. Qb2 Rae8 29. Rb8 Rxe3 30. fxe3 Qxe3+ 31. Kh1 Rxb8 32. Qxb8+ Kh7 33. Qb1+ Kh8 34. Bf3 g5 35. Qb2 Kh7 36. Qc2+ Kg8 37. Qc3 Qe7 38. c6 g4 39. c7 gxf3 40. c8Q+ Kg7 41. gxf3 1-0